logo

Bir Sreshtho Munshi Abdur Rouf Library
Jhenaidah Cadet College

English literature in the earlier seventeenth century : (Record no. 8965)

MARC details
000 -LEADER
fixed length control field 00978nam a2200289 a 4500
001 - CONTROL NUMBER
JCCL Control Number 8965
003 - CONTROL NUMBER IDENTIFIER
JCCL marc code BD-JhCC
005 - DATE AND TIME OF LATEST TRANSACTION
control field 20180306112108.0
008 - FIXED-LENGTH DATA ELEMENTS--GENERAL INFORMATION
fixed length control field 880808s1962 enk b 001 0 eng d
035 ## - SYSTEM CONTROL NUMBER
system control number (BD-JhCC)8965
040 ## - CATALOGING SOURCE
Original cataloging agency DLC
Transcribing agency DLC
Modifying agency m.c
-- EQO
041 ## - LANGUAGE CODE
Language code of Book eng
050 #0 - LIBRARY OF CONGRESS CALL NUMBER
Classification number PR431
Item number .B8 1962
082 0# - DEWEY DECIMAL CLASSIFICATION NUMBER
Classification number 820.903
Author mark and Year BUS 1962
100 1# - MAIN ENTRY--PERSONAL NAME
Personal name Bush, Douglas,
245 10 - TITLE STATEMENT
Title English literature in the earlier seventeenth century :
Remainder of title 1600-1660 /
Statement of responsibility, etc by Douglas Bush.
250 ## - EDITION STATEMENT
Edition statement 2nd ed., revd.
260 ## - PUBLICATION, DISTRIBUTION, ETC. (IMPRINT)
Place of publication, distribution, etc Oxford :
Name of publisher, distributor, etc Clarendon Press,
Date of publication, distribution, etc 1962.
300 ## - PHYSICAL DESCRIPTION
Pagination viii, 680 p. ;
Dimensions 23 cm.
490 1# - SERIES STATEMENT
Series statement Oxford history of English literature ;
Volume number/sequential designation 5
504 ## - BIBLIOGRAPHY, ETC. NOTE
Bibliography, etc Includes bibliographical references (p. [461]-668) and index.
650 #0 - SUBJECT ADDED ENTRY--TOPICAL TERM
Topical term or geographic name as entry element English literature
Chronological subdivision Early modern, 1500-1700
General subdivision History and criticism.
650 #0 - SUBJECT ADDED ENTRY--TOPICAL TERM
Topical term or geographic name as entry element English literature
Chronological subdivision Early modern, 1500-1700
Form subdivision Bibliography.
830 #0 - SERIES ADDED ENTRY--UNIFORM TITLE
Uniform title Oxford history of English literature ;
Volume number/sequential designation 5.
942 ## - ADDED ENTRY ELEMENTS (KOHA)
Source of classification or shelving scheme Dewey Decimal Classification
Koha item type Books
Holdings
Source of classification or shelving scheme Damaged status Not for loan Home library Current library Shelving location Date of accession Total Checkouts Full call number Barcode Date last seen Copy number Koha item type
Dewey Decimal Classification     JCC Rouf Library JCC Rouf Library General Stacks 03/06/2018   820.903 BUS 1962 11945 03/06/2018 C-1 Books

JCC Library | Contacts | JCC Home

Last Update on 23 September 2017
Copyright @ 2017-2020 JCC Rouf Library
Rouf Library, Jhenidah Cadet College (JCC), Bangladesh